A boy no more / (Record no. 4740)

MARC details
000 -LEADER
fixed length control field 01061nam a22003017a 4500
001 - CONTROL NUMBER
control field 4740
003 - CONTROL NUMBER IDENTIFIER
control field FISKH
005 - DATE AND TIME OF LATEST TRANSACTION
control field 20240926164635.0
008 - FIXED-LENGTH DATA ELEMENTS--GENERAL INFORMATION
fixed length control field 240926b cb ||||| |||| 00| 0 eng d
020 ## - INTERNATIONAL STANDARD BOOK NUMBER
International Standard Book Number 9780439702249
040 ## - CATALOGING SOURCE
Original cataloging agency FISKH
Language of cataloging eng
Transcribing agency FISKH
Modifying agency FISKH
050 ## - LIBRARY OF CONGRESS CALL NUMBER
Classification number PZ7.M47397
082 ## - DEWEY DECIMAL CLASSIFICATION NUMBER
Classification number 011.62
100 ## - MAIN ENTRY--PERSONAL NAME
Personal name Mazer, Harry
Relator term author
245 ## - TITLE STATEMENT
Title A boy no more /
Statement of responsibility, etc. by Harry Mazer
250 ## - EDITION STATEMENT
Edition statement First Scholastic printing, October 2004
260 ## - PUBLICATION, DISTRIBUTION, ETC.
Place of publication, distribution, etc. New York :
Name of publisher, distributor, etc. Scholastic ;
Date of publication, distribution, etc. 2004 .
300 ## - PHYSICAL DESCRIPTION
Extent 136 pages :
Other physical details illustrator ;
Dimensions 20 cm .
490 ## - SERIES STATEMENT
Series statement Adam Pelko
505 ## - FORMATTED CONTENTS NOTE
Formatted contents note S <br/>
520 ## - SUMMARY, ETC.
Summary, etc. After his father is killed in the attack on Pearl Harbor, Adam, his mother, and sister are evacuated from Hawaii to California, where he must deal with his feelings about the war, Japanese internment camps, his father, and his own identity.
521 8# - TARGET AUDIENCE NOTE
Target audience note 800 <br/>
Source Lexile estimate <br/>
521 8# - TARGET AUDIENCE NOTE
Target audience note S <br/>
Source Raz-Plus <br/>
650 ## - SUBJECT ADDED ENTRY--TOPICAL TERM
Topical term or geographic name entry element chapter book
Form subdivision fiction
700 ## - ADDED ENTRY--PERSONAL NAME
Personal name Sfetsios , Debra
Relator term book designer
942 ## - ADDED ENTRY ELEMENTS (KOHA)
Source of classification or shelving scheme Dewey Decimal Classification
Koha item type Books
Suppress in OPAC No
Holdings
Withdrawn status Lost status Source of classification or shelving scheme Damaged status Not for loan Collection Home library Current library Shelving location Date acquired Total Checkouts Full call number Barcode Date last seen Price effective from Koha item type
    Dewey Decimal Classification     Fiction Footprints International School Library Network Toul Kork Campus Footprints International School Library Network Toul Kork Campus TTP Secondary Fiction Bookshelves 09/26/2024   MAZ 011.62 PZ7.M47397 FIS00747 09/26/2024 09/26/2024 Books